Minecraft Unscrambler Quiz - Statistics

General Stats
  • This quiz has been taken 1,234 times
  • The average score is 21 of 28
Answer Stats
Hint Answer % Correct
NTT TNT
95%
beimzo zombie
95%
ipg pig
94%
emsli slime
91%
dans sand
90%
bbay mzoieb ipgamn baby zombie pigman
89%
tgash ghast
88%
iwhter wither
87%
roni lgome iron golem
84%
zmoibe ivlalerg zombie villager
82%
hspee sheep
81%
dwroend drowned
80%
ksleonet skeleton
79%
kechicn chicken
78%
ndree rdgano ender dragon
78%
shroe horse
78%
lzeba blaze
77%
lfnit nda tsele flint and steel
71%
omohsoomor mooshroom
71%
twihre ksleeont wither skeleton
67%
orse ubhs rose bush
66%
nedreitme endermite
64%
rgvale gravel
64%
rpecere creeper
61%
mnaednre enderman
56%
ldeer rduagain elder guardian
54%
hslurek shulker
54%
rcnoctee pwdoer concrete powder
50%
No matching quizzes found
Score Distribution
Percent of People with Each Score
Percentile by Number Answered
Your Score History
You have not taken this quiz